00534cam a22002051 450000100060000000300080000600500170001400800390003103500190007003500190008904000350010804100080014308200130015110000280016424500390019226000380023130000210026960000280029065000100031820693BD-RjUL20211209000610.0140302s1951 xx 001 0aeng a(BD-RjUL)20755 a(OCoLC)1671651 aDLCcGUdUkdDLCdBD-RjULbeng aeng a828bGRB1 aGraves, Charles,d1899-14aThe bad old days /cCharles Graves aLondon :bFaber and Faber,c1951. a227 p. ;c22 cm.10aGraves, Charles,d1899- aDrama